Defeating dark angels : (Record no. 4093)

MARC details
000 -LEADER
fixed length control field 00937cam a2200265 a 4500
001 - CONTROL NUMBER
control field 3449342
003 - CONTROL NUMBER IDENTIFIER
control field GBCCL
005 - DATE AND TIME OF LATEST TRANSACTION
control field 20241126110510.0
008 - FIXED-LENGTH DATA ELEMENTS--GENERAL INFORMATION
fixed length control field 920406s1992 miu b 001 0 eng
010 ## -
-- 92015166
020 ## - INTERNATIONAL STANDARD BOOK NUMBER
International Standard Book Number 1852400463
Terms of availability $8.99 (est.)
040 ## - CATALOGING SOURCE
Original cataloging agency DLC
Transcribing agency DLC
Modifying agency DLC
050 00 -
-- BF1531
-- .K73 1992
082 00 - DEWEY DECIMAL CLASSIFICATION NUMBER
Classification number 235.4
Edition information 20
Item number KRA
100 1# - MAIN ENTRY--PERSONAL NAME
Personal name Kraft, Charles H.
9 (RLIN) 2223
245 10 - TITLE STATEMENT
Title Defeating dark angels :
Remainder of title breaking demonic oppression in the believer's life /
Statement of responsibility, etc. Charles H. Kraft.
260 ## - PUBLICATION, DISTRIBUTION, ETC.
Place of publication, distribution, etc. England :
Name of publisher, distributor, etc. Sovereign world,
Date of publication, distribution, etc. c1993.
300 ## - PHYSICAL DESCRIPTION
Extent 254 p. ;
Dimensions 20 cm.
504 ## - BIBLIOGRAPHY, ETC. NOTE
Bibliography, etc. note Includes bibliographical references (p. 247-250) and index.
650 #0 - SUBJECT ADDED ENTRY--TOPICAL TERM
Topical term or geographic name entry element Demonology.
9 (RLIN) 343
650 #0 - SUBJECT ADDED ENTRY--TOPICAL TERM
Topical term or geographic name entry element Exorcism.
9 (RLIN) 3942
906 ## - LOCAL DATA ELEMENT F, LDF (RLIN)
a 7
b cbc
c orignew
d 1
e ocip
f 19
g y-gencatlg
942 ## - ADDED ENTRY ELEMENTS (KOHA)
Source of classification or shelving scheme Dewey Decimal Classification
Koha item type Books
Koha issues (borrowed), all copies 9
Holdings
Withdrawn status Lost status Source of classification or shelving scheme Damaged status Not for loan Home library Current Library Shelving location Date acquired Total checkouts Full call number Barcode Date last seen Date last checked out Copy number Price effective from Koha item type
    Dewey Decimal Classification     GRACE BIBLE COLLEGE GRACE BIBLE COLLEGE Theology 2018-01-11 10 235.4 KRA 006056 2025-05-01 2025-02-19 c.1 2018-01-11 Books
© Grace Bible College Library 2025